| 000 | 005640000a22001810004500 | ||
|---|---|---|---|
| 003 | LK-CoMWRAF | ||
| 005 | 20231107115852.0 | ||
| 008 | 230817t ||||| |||| 00| 0 eng d | ||
| 040 |
_aLK-CoMWRAF _dLK-CoMWRAF _eLK-CoMWRAF |
||
| 041 | _aeng | ||
| 082 |
_a823 _bMEN |
||
| 100 | _aමැන්ඩිස්. රොසලින් | ||
| 245 | _aනන්දිමිත්ර | ||
| 260 |
_aකොළඹ ; _bසමාජය සහ ආගම සඳහා මධ්යස්ථානය _c1991 |
||
| 300 | _aපි. 100 | ||
| 650 | _aසිංහල | ||
| 942 | _cBK | ||
| 999 |
_c252 _d252 |
||